<?xml version="1.0" encoding="UTF-8"?><?xml-stylesheet type="text/xsl" href="static/style.xsl"?><OAI-PMH xmlns="http://www.openarchives.org/OAI/2.0/" xmlns:xsi="http://www.w3.org/2001/XMLSchema-instance" xsi:schemaLocation="http://www.openarchives.org/OAI/2.0/ http://www.openarchives.org/OAI/2.0/OAI-PMH.xsd"><responseDate>2026-04-29T10:59:09Z</responseDate><request verb="GetRecord" identifier="oai:uvadoc.uva.es:10324/17821" metadataPrefix="marc">https://uvadoc.uva.es/oai/request</request><GetRecord><record><header><identifier>oai:uvadoc.uva.es:10324/17821</identifier><datestamp>2021-06-30T08:31:20Z</datestamp><setSpec>com_10324_7462</setSpec><setSpec>com_10324_5186</setSpec><setSpec>com_10324_29291</setSpec><setSpec>col_10324_7500</setSpec></header><metadata><record xmlns="http://www.loc.gov/MARC21/slim" xmlns:doc="http://www.lyncode.com/xoai" xmlns:xsi="http://www.w3.org/2001/XMLSchema-instance" xmlns:dcterms="http://purl.org/dc/terms/" xsi:schemaLocation="http://www.loc.gov/MARC21/slim http://www.loc.gov/standards/marcxml/schema/MARC21slim.xsd">
<leader>00925njm 22002777a 4500</leader>
<datafield tag="042" ind1=" " ind2=" ">
<subfield code="a">dc</subfield>
</datafield>
<datafield tag="720" ind1=" " ind2=" ">
<subfield code="a">Lucas del Ser, Carmelo de</subfield>
<subfield code="e">author</subfield>
</datafield>
<datafield tag="260" ind1=" " ind2=" ">
<subfield code="c">2001</subfield>
</datafield>
<datafield tag="520" ind1=" " ind2=" ">
<subfield code="a">La prensa contribuyó decisivamente en la penetración de la ideología liberal y en la instrucción política de las clases agrícolas y urbanas del siglo XIX en España. El presente estudio se centra en un periódico de provincias que combatió con valentía al Gobierno ya la élite política dominante. Un periódico que se autotitula democrático y portavoz del malestar y del descontento social que acabó con la Regencia del general Espartero. Sufrió sanciones y denuncias ante el temido jurado de imprenta. Finalmente, fue suspendido por el delegado gubernativo.</subfield>
</datafield>
<datafield tag="520" ind1=" " ind2=" ">
<subfield code="a">Press contributed decisively to the entrance of liberal ideology and in the political instruction of country and city people in the 19th century in Spain. This study is focussed on a humble provincial newspaper which bravely fought the Government and the political elite of that moment. A newspaper which considers itself democratic and mouthpiece of the unrest and social dissatisfaction which ended with the Regency of General Espartero. This newspaper suffered sanctions and had to appear before the much hated "print jury". Finally, it was closed by the Government local representative.</subfield>
</datafield>
<datafield tag="024" ind2=" " ind1="8">
<subfield code="a">Investigaciones históricas: Época moderna y contemporánea, 2001, N.21, pags.205-230</subfield>
</datafield>
<datafield tag="024" ind2=" " ind1="8">
<subfield code="a">0210-9425</subfield>
</datafield>
<datafield tag="024" ind2=" " ind1="8">
<subfield code="a">http://uvadoc.uva.es/handle/10324/17821</subfield>
</datafield>
<datafield tag="024" ind2=" " ind1="8">
<subfield code="a">205</subfield>
</datafield>
<datafield tag="024" ind2=" " ind1="8">
<subfield code="a">21</subfield>
</datafield>
<datafield tag="024" ind2=" " ind1="8">
<subfield code="a">230</subfield>
</datafield>
<datafield ind1=" " ind2=" " tag="653">
<subfield code="a">Historia moderna y contemporánea</subfield>
</datafield>
<datafield tag="245" ind1="0" ind2="0">
<subfield code="a">Libertad de prensa y censura política en la España Liberal: "El Leonés, Guía de los Pueblos" (1842)</subfield>
</datafield>
</record></metadata></record></GetRecord></OAI-PMH>